000 00280nam a22001337a 4500
008 170406b xxu||||| |||| 00| 0 eng d
020 _a9780323080583
041 _aeng
080 _26 ED
_a575
100 _a9
101 _aSHM
245 _aIMMUNOLOGY
_cMALE.D
942 _2udc
_cBK
999 _c9991
_d9991